| 000 | 01435nam a2200373 c 4500 | ||
|---|---|---|---|
| 003 | BLK | ||
| 005 | 20191228151922.0 | ||
| 008 | 180408b bul|||||r ||||||| ||bul|| | ||
| 010 | _aKNG00035612000 | ||
| 020 |
_a954-607-407-1 _bиздат.: ЛИК |
||
| 040 | _aBLK | ||
| 041 |
_aBUL _cBUL |
||
| 080 |
_aИстория на Сърбия _b949.711 _x _z949.711 |
||
| 100 | 1 |
_aМалкълм, Ноел _eпърви автор _9272634 |
|
| 700 | 1 |
_aГаврилов, Борислав Гаврилов _eпрев. от англ. _9363708 |
|
| 139 |
_aМалкълм, Ноел _bМ 23 |
||
| 245 | 1 | 0 |
_aКратка история на Косово _cНоел Малкълм; прев. от англ. Борислав Гаврилов Гаврилов. |
| 260 |
_аСофия _bЛИК _c2001 |
||
| 300 |
_a567 с. _bс к. _c20 см |
||
| 380 | _a9 | ||
| 500 | _aПрев. по Kosovo a Short History / Noel Malcolm. - Офс. изд. - Съдържа и Списък на ръкописите. - Библиогр. с. 516-570 ; Азб. показалец. | ||
| 650 | 4 |
_aКосово _9268245 |
|
| 650 | 4 |
_aСърбия - история _9272635 |
|
| 651 | 4 |
_aКосово _9268245 |
|
| 651 | 4 |
_aСърбия _9179630 |
|
| 653 | _aистория | ||
| 653 | _aКосово | ||
| 653 | _aСърбия | ||
| 852 | _aЦб 207943 | ||
| 856 | 4 |
_qpdf _u |
|
| 856 | 4 |
_qpdf _u |
|
| 942 |
_cKNG _n0 _02 |
||
| 944 |
_aCR _c15.01.2003 _lф / _kЛюдмила_Стоянова |
||
| 944 |
_aED _c09.04.2013 _lф / _k |
||
| 999 |
_c32933 _d32933 |
||